000 01125cam a2200301 a 4500
001 4492418
003 Nust- CAS-E
005 20180118181353.0
008 970812s1997 enka b 001 0 eng
010 _a 97065933
020 _a0419217703
040 _aDLC
_cDLC
_dDLC
050 0 0 _aTJ163.5.B84
_bM67 1997
082 _2696
_bMOS 1997
100 1 _aMoss, Keith.
245 1 0 _aEnergy management and operating costs in buildings /
_cKeith J. Moss.
250 _a1st ed.
260 _aLondon ;
_aNew York :
_bE & FN Spon,
_c1997.
300 _aviii, 182 p. :
_bill. ;
_c25 cm.
504 _aIncludes bibliographical references (p. [179]-180) and index.
650 0 _aBuildings
_xEnergy conservation.
650 0 _aBuildings
_xEnergy consumption.
650 0 _aBuildings
_xCost of operation.
856 4 2 _3Publisher description
_uhttp://www.loc.gov/catdir/enhancements/fy0651/97065933-d.html
906 _a7
_bcbc
_corignew
_d2
_eopcn
_f19
_gy-gencatlg
942 _2ddc
_cBK
999 _c355191
_d355191